| 000 | 00398nam a22001457a 4500 | ||
|---|---|---|---|
| 020 | _a9788178080529 | ||
| 040 | _cNust | ||
| 082 |
_a005.133 _bNEG |
||
| 100 |
_aTom Negrino _9125257 |
||
| 245 | _aJava Script for the world wild web | ||
| 250 | _a2nd Edition | ||
| 260 |
_aNew Delhi: _bPerson Education services, _c1998. |
||
| 650 |
_aJava Script for the world wild web _9125258 |
||
| 942 |
_2ddc _cBK |
||
| 999 |
_c611023 _d611023 |
||